Mots Bretons - Mort Subite - Statistiques

Statistiques générales
  • Ce quiz a été pris 188 fois
  • Le résultat moyen est 7 sur 30
Answers on the Grid
Answers color-coded by a green-red scale on the quiz's grid according to % correct below.
Badaouus
Barrañ
Listriaj
Loakrerezh
Kern
Kreiz-Kêr
Demat
Trugarez
Geriadur
Daou
Breizh
Kouviad
Toazenn
Gwell
Doubier
Ginet
Bras
Pemp
Unnek
Rae
Roazhon
Douarel
Hivi
Kenetre
Jar
Fisel
Chokolad
Avron
Aros
Kenavo
Nyeh
Csonak
Vonat
Korhaz
Baol
Jazero
Sobota
Uvas
Katze
Dimanche
Skesenezh
Tesekkur
Evet
Schedule
Proost
Gevaar
Palun
Cykeleñ
 
Statistiques - réponses
Réponse % Correct
Kenavo
67%
Breizh
64%
Roazhon
58%
Kreiz-Kêr
54%
Demat
49%
Daou
42%
Trugarez
41%
Gwell
39%
Bras
35%
Toazenn
35%
Kern
34%
Chokolad
19%
Loakrerezh
19%
Barrañ
18%
Douarel
16%
Fisel
16%
Pemp
16%
Kenetre
13%
Kouviad
11%
Unnek
11%
Geriadur
10%
Hivi
9%
Badaouus
8%
Jar
6%
Avron
5%
Listriaj
4%
Aros
3%
Ginet
3%
Rae
3%
Doubier
2%
Aucun quiz correspondant
Distribution des résultats
% des personnes avec chaque résultat
Percentile par nombre de réponses
Votre historique - résultats
Vous n’avez pas pris ce quiz